Complete Sentence Movie Titles Quiz Stats

 Plays Quiz Updated Oct 9, 2018

Score 0/24 Timer 06:00
0 Plays Today
Description Movie % Correct
Tom Hanks pursues Leo Dicaprio around the world, hoping he is able to seize himCatch Me If You Can
83.8%
Daniel Day-Lewis is an oil man with a fondness for 'shakesThere Will Be Blood
69.2%
Cameron Diaz wows men of all sorts: awkward, sleazy, crippled, diseased, Brett FavreThere's Something About Mary
65.9%
John Cho and Kal Penn are seriously jonesing for a burger and meet NPH along the wayHarold and Kumar Go To White Castle
64.3%
Jimmy Stewart loses hope, but is saved by Clarence, Angel, Second Class, in Capra's holiday classicIt's A Wonderful Life
63.5%
Wesley Snipes teaches Woody Harrelson a thing or two about race and basketballWhite Men Can't Jump
62.5%
Jack Nicholson loses his mind in this 1975 adaptation of a high school English favoriteOne Flew Over The Cuckoo's Nest
59.1%
Two-parter featuring a bride seeking revenge her would-be killers; gore ensuesKill Bill
57.5%
Aaron Eckhart plays a Merchant of Death defending the defenseless corporations of AmericaThank You For Smoking
52.5%
Sean Penn is nominated for an Oscar while fighting for custody of Dakota FanningI Am Sam
52.4%
English rockers are parodied mockumentary-style in the Christopher Guest crew's firstThis Is Spinal Tap
46.4%
Sci-fi sequel begins on Hoth, ends in Cloud CityStar Wars Episode V: The Empire Strikes Back
46.3%
Description Movie % Correct
Tony and Jack dress up as women considerably less attractive than co-star MarilynSome Like It Hot
41.4%
Mike Myers fears commitment until he meets a beautiful bellicose butcher. Head! Pants NOW!So I Married an Axe Murderer
38%
Bill Murray endears himself to his therapist's family, just not the therapistWhat About Bob?
37.7%
Coens' take on a Greek epicO Brother, Where Art Thou?
30.9%
A riot erupts in Brooklyn on the hottest day of the year; Spike Lee directs and starsDo The Right Thing
27.3%
Gritty comic book reboot rejuvenates a franchise plagued by too much Joel SchumacherBatman Begins
27%
Bushmen discover a Coke bottle, leading to mass confusionThe Gods Must Be Crazy
25%
Small towner Jefferson S. goes to the big city with a heart full of innocence and a mind for reformationMr. Smith Goes To Washington
25%
German girlfriend needs three tries to make things turn out rightRun Lola Run
15.6%
Vampires, outcast youth, romance: like Sweden's version of Twilight, only a million times better; stateside adaptation in the worksLet The Right One In
15.1%
Clark Gable's slick journalist accompanies Claudette Colbert's heiress, on the run from her father, up the coast to her loverIt Happened One Night
13.9%
Donald Sutherland and Julie Christie experience the paranormal in Italy; barely avoid X ratingDon't Look Now
5.9%

You're not logged in!

Compare scores with friends on all Sporcle quizzes.
OR
Log In

Sporcle TV

Today on Sporcle TV


Watch our educational content, quiz creation guides, and fun videos on Sporcle TV.

Show Comments

Extras

Top Quizzes Today


Score Distribution

Your Account Isn't Verified!

In order to create a playlist on Sporcle, you need to verify the email address you used during registration. Go to your Sporcle Settings to finish the process.

Report this User

Report this user for behavior that violates our Community Guidelines.

Details: